Central Library OPAC University of Rajshahi

A second Federalist : (Record no. 36367)

MARC details
000 -LEADER
fixed length control field 01060nam a22003011 4500
001 - CONTROL NUMBER
control field 36367
003 - CONTROL NUMBER IDENTIFIER
rucl marc code BD-RjUL
005 - DATE AND TIME OF LATEST TRANSACTION
control field 20211209052457.0
008 - FIXED-LENGTH DATA ELEMENTS--GENERAL INFORMATION
fixed length control field 140622s1967 nyu 000 0 eng
020 ## - INTERNATIONAL STANDARD BOOK NUMBER
International Standard Book Number 0872491730
035 ## - SYSTEM CONTROL NUMBER
System control number (BD-RjUL)36464
System control number (OCoLC)392819
040 ## - CATALOGING SOURCE
Original cataloging agency DLC
Transcribing agency OCanW
Modifying agency OCoLC
-- OKentU
-- FO
-- DLC
-- BD-RjUL
Language of cataloging eng
041 ## - LANGUAGE CODE
Language code of text/sound track or separate title eng
082 00 - DEWEY DECIMAL CLASSIFICATION NUMBER
Classification number 342.73
Author mark and year UNS 1967
110 1# - MAIN ENTRY--CORPORATE NAME
Corporate name or jurisdiction name as entry element United States.
Subordinate unit Congress.
9 (RLIN) 110675
245 12 - TITLE STATEMENT
Title A second Federalist :
Remainder of title Congress creates a government.
Statement of responsibility, etc. Selected from the Annals of Congress by Charles S. Hyneman and George W. Carey.
260 ## - PUBLICATION, DISTRIBUTION, ETC. (IMPRINT)
Place of publication, distribution, etc. New York :
Name of publisher, distributor, etc. Appleton-Century Crofts,
Date of publication, distribution, etc. c1967.
300 ## - PHYSICAL DESCRIPTION
Pagination xvii, 325 p. ;
Size 21 cm.
650 #0 - SUBJECT ADDED ENTRY--TOPICAL TERM
Topical term or geographic name as entry element Political science.
9 (RLIN) 110670
651 #0 - SUBJECT ADDED ENTRY--GEOGRAPHIC NAME
Geographic name United States. -- Congress.
9 (RLIN) 110671
700 1# - ADDED ENTRY--PERSONAL NAME
Personal name Hyneman, Charles S.,
Dates associated with a name 1900-1985,
Relator term ed.
Personal name Carey, George Wescott,
Dates associated with a name 1933-
Relator term ed.
942 ## - ADDED ENTRY ELEMENTS (KOHA)
Source of classification or shelving scheme Dewey Decimal Classification
Koha item type Books
Holdings
Lost status Source of classification or shelving scheme Damaged status Not for loan Collection code Permanent Location Current Location Shelving location Date acquired Source of acquisition Total Checkouts Full call number Date last seen Copy number Koha item type
  Dewey Decimal Classification   Not For Loan Non-fiction Central Library, University of Rajshahi Central Library, University of Rajshahi Reading Room 20/07/1987 Asia Foundation, Gift.   342.73 UNS 1967 22/06/2014 C-1 Books